000 01988nam0a2200337 4500
001 RU\NLR\bibl\1820220
005 20260406063054.0
010 _a978-5-93093-815-9
_9500
021 _aRU
_b2011-71501
_95073
035 _a(NLR Aleph) 001810783
090 _a1868474
_c1868474
100 _a20111013d2011 |||y0rusy50 ca
101 0 _arus
102 _aRU
105 _aa |||||||||
200 1 _aБестраншейные технологии
_eучебник для магистрантов ВПО (квалификация магистр техники и технологии), обучающихся по программе 270100.11.68 "Водоснабжение городов и промышленных предприятий" по дисциплине ДВМ.02.01 "Бестраншейные технологии" направления 270100.68 "Строительство"
_fВ.А. Орлов, И.С. Хантаев, Е.В. Орлов
210 _aМосква
_cИзд-во АСВ
_d2011
215 _a223 с.
_cил., цв. ил.
_d22
313 _aГородские подземные сети
320 _aБиблиогр.: с. 221 (13 назв.)
606 1 _aГородские подземные сети
_jУчебники для высших учебных заведений
_xСтроительство
_xБестраншейные методы
_92442159
_3RU\NLR\auth\661452761
686 _aН76-061я73-1
700 1 _4070
_7ca
_8rus
_aОрлов
_bВ. А.
_cканд. техн. наук, коммунальное хоз-во
_gВладимир Александрович
_9122881
_3RU\NLR\auth\7713180
701 1 _aХантаев
_bИ. С.
_4070
701 1 _4070
_7ca
_8rus
_aОрлов
_bЕ. В.
_cканд. техн. наук, водоснабжение
_gЕвгений Владимирович
_931261
_3RU\NLR\auth\7748326
801 0 _aRU
_bNLR
_c20111013
_gRCR
801 1 _aRU
_bNLR
_c20111013
942 _cBOOK
980 _aNB
980 _aNBR